000 00586nam a2200169Ia 4500
008 090201s9999 xx 000 0 und d
010 _aKPL-39763
040 _bमराठी
041 _aमराठी
082 _a21720
_b39763
100 _aकुसुम अभ्यंकर
245 _aचौदाव्या मजल्यावरुन
_cकुसुम अभ्यंकर
260 _c2004
_bशशीदीप प्रकाशन
300 _a107
_bलहान
600 _aचौदाव्या मजल्यावरुन
942 _cBOOK
999 _c221332
_d221332